00414nam a2200181Ia 4500003000900000008004100009040001300050040001300063041000800076100001900084245006700103250000900170260002100179260000900200300000800209490000800217490000700225IT-RoPAU120407s9999 xx 000 0 und d aIT-RoPAU cIT-RoPAU aita aGiosuè€ Borsi aLe cose migliori di Giosuè€ Borsi. A cura di Gennaro Auletta. aRoma aEdizioni Paoline c1959 c cm aDds v24